[Event "Blitz 2018"]
[Site "Saint-Petersburg"]
[Date "2018.12.29"]
[Round "2"]
[Board "84"]
[White "Kovalev Vladislav (BLR)"]
[Black "Ovchinnikov Vsevolod (RUS)"]
[Result "1-0"]
[LiveChessVersion "1.4.8"]
[BlackElo "2375"]
[WhiteElo "2553"]

1. e4 {[%clk 0:03:03]} e6 {[%clk 0:03:03]} 2. d4 {[%clk 0:03:04]} d5
{[%clk 0:03:04]} 3. Nd2 {[%clk 0:03:05]} Nc6 {[%clk 0:03:05]} 4. Ngf3
{[%clk 0:03:03]} Nf6 {[%clk 0:03:06]} 5. e5 {[%clk 0:03:03]} Nd7 {[%clk 0:03:07]}
6. Bd3 {[%clk 0:03:02]} Nb4 {[%clk 0:03:07]} 7. Be2 {[%clk 0:03:03]} c5
{[%clk 0:03:08]} 8. c3 {[%clk 0:03:04]} Nc6 {[%clk 0:03:09]} 9. O-O
{[%clk 0:03:03]} cxd4 {[%clk 0:02:56]} 10. cxd4 {[%clk 0:03:02]} Qb6
{[%clk 0:02:50]} 11. Nb1 {[%clk 0:02:59]} f6 {[%clk 0:02:49]} 12. exf6
{[%clk 0:02:59]} Nxf6 {[%clk 0:02:50]} 13. Nc3 {[%clk 0:03:00]} Bd6
{[%clk 0:02:50]} 14. a3 {[%clk 0:02:43]} O-O 15. h3 Bd7 {[%clk 0:02:47]} 16. Be3
{[%clk 0:02:45]} Rac8 {[%clk 0:02:26]} 17. Qd2 {[%clk 0:02:41]} Na5
{[%clk 0:02:18]} 18. Rad1 {[%clk 0:02:31]} Nc4 {[%clk 0:02:07]} 19. Bxc4
{[%clk 0:02:32]} Rxc4 {[%clk 0:02:05]} 20. Ne5 {[%clk 0:02:32]} Rc7
{[%clk 0:01:57]} 21. Rfe1 {[%clk 0:02:18]} Qa5 {[%clk 0:01:20]} 22. Bf4
{[%clk 0:02:08]} Bxe5 {[%clk 0:00:33]} 23. Bxe5 {[%clk 0:02:06]} Rc6
{[%clk 0:00:29]} 24. Re3 {[%clk 0:01:56]} Rf7 {[%clk 0:00:21]} 25. Rde1
{[%clk 0:01:44]} Qd8 {[%clk 0:00:17]} 26. Rg3 {[%clk 0:01:34]} Qf8
{[%clk 0:00:15]} 27. Qg5 {[%clk 0:01:04]} Kh8 {[%clk 0:00:14]} 28. Qh4
{[%clk 0:01:03]} Rc8 {[%clk 0:00:11]} 29. Ree3 {[%clk 0:01:03]} Qe7
{[%clk 0:00:07]} 30. Rg5 {[%clk 0:00:48]} Rg8 {[%clk 0:00:06]} 31. Reg3
{[%clk 0:00:40]} a6 {[%clk 0:00:06]} 32. Kh2 {[%clk 0:00:40]} Be8
{[%clk 0:00:06]} 33. Qh6 {[%clk 0:00:30]} b5 {[%clk 0:00:05]} 34. Rxg7
{[%clk 0:00:27]} Rgxg7 {[%clk 0:00:05]} 35. Rxg7 {[%clk 0:00:26]} Rxg7
{[%clk 0:00:05]} 36. Bxf6 {[%clk 0:00:27]} Qf7 {[%clk 0:00:05]} 37. Ne2
{[%clk 0:00:17]} Bd7 {[%clk 0:00:04]} 38. Nf4 {[%clk 0:00:09]} Kg8
{[%clk 0:00:05]} 39. Bxg7 {[%clk 0:00:09]} Qxg7 {[%clk 0:00:07]} 40. Qxg7+
{[%clk 0:00:09]} Kxg7 {[%clk 0:00:08]} 41. Nd3 {[%clk 0:00:10]} Bc8
{[%clk 0:00:08]} 42. Kg3 {[%clk 0:00:10]} Kf6 {[%clk 0:00:09]} 43. Kf4
{[%clk 0:00:12]} a5 {[%clk 0:00:09]} 44. b4 {[%clk 0:00:13]} axb4
{[%clk 0:00:10]} 45. axb4 {[%clk 0:00:14]} Bd7 {[%clk 0:00:11]} 46. g4
{[%clk 0:00:15]} h6 {[%clk 0:00:12]} 47. h4 {[%clk 0:00:16]} Be8 {[%clk 0:00:14]}
48. Ne5 {[%clk 0:00:16]} 1-0

[Event "Blitz 2018"]
[Site "Saint-Petersburg"]
[Date "2018.12.29"]
[Round "2"]
[Board "85"]
[White "Chen Qi B (CHN)"]
[Black "Sakaev Konstantin (RUS)"]
[Result "0-1"]
[LiveChessVersion "1.4.8"]
[BlackElo "2551"]
[WhiteElo "2416"]

1. e4 {[%clk 0:03:03]} c5 {[%clk 0:03:03]} 2. Nf3 {[%clk 0:03:03]} d6
{[%clk 0:03:04]} 3. d4 {[%clk 0:03:04]} cxd4 {[%clk 0:03:05]} 4. Nxd4
{[%clk 0:03:05]} Nf6 {[%clk 0:03:06]} 5. Nc3 {[%clk 0:03:06]} a6 {[%clk 0:03:07]}
6. h3 {[%clk 0:03:07]} e5 {[%clk 0:03:08]} 7. Nde2 {[%clk 0:03:08]} h5
{[%clk 0:03:07]} 8. Nd5 {[%clk 0:03:09]} Nxd5 {[%clk 0:02:53]} 9. Qxd5
{[%clk 0:03:09]} Be7 {[%clk 0:02:36]} 10. Be3 {[%clk 0:03:01]} Nd7
{[%clk 0:02:28]} 11. c4 {[%clk 0:02:33]} Nf6 {[%clk 0:02:06]} 12. Qd3
{[%clk 0:02:34]} O-O {[%clk 0:01:39]} 13. Nc3 {[%clk 0:02:33]} Be6
{[%clk 0:01:38]} 14. Be2 {[%clk 0:02:28]} Rc8 {[%clk 0:01:36]} 15. b3
{[%clk 0:02:21]} g6 {[%clk 0:01:31]} 16. O-O {[%clk 0:02:17]} Nd7
{[%clk 0:01:29]} 17. Rad1 {[%clk 0:01:55]} Nc5 {[%clk 0:01:30]} 18. Qd2
{[%clk 0:01:33]} Rc6 {[%clk 0:01:31]} 19. Kh2 {[%clk 0:01:24]} Re8
{[%clk 0:01:31]} 20. f4 {[%clk 0:00:57]} exf4 {[%clk 0:01:29]} 21. Bxf4
{[%clk 0:00:58]} Bf6 {[%clk 0:01:29]} 22. Bf3 {[%clk 0:00:54]} Qe7
{[%clk 0:00:57]} 23. Nd5 {[%clk 0:00:35]} Bxd5 {[%clk 0:00:57]} 24. exd5
{[%clk 0:00:35]} Rcc8 {[%clk 0:00:54]} 25. Kh1 {[%clk 0:00:34]} Nd7
{[%clk 0:00:44]} 26. Rde1 {[%clk 0:00:22]} Ne5 {[%clk 0:00:45]} 27. Bd1
{[%clk 0:00:16]} Bg7 {[%clk 0:00:44]} 28. Bc2 {[%clk 0:00:16]} Qd7
{[%clk 0:00:33]} 29. a4 {[%clk 0:00:15]} Qc7 {[%clk 0:00:30]} 30. Bb1
{[%clk 0:00:09]} a5 {[%clk 0:00:31]} 31. Bh6 {[%clk 0:00:06]} b6 {[%clk 0:00:26]}
32. Be3 {[%clk 0:00:05]} Rf8 {[%clk 0:00:21]} 33. Qf2 {[%clk 0:00:06]} Nd7
{[%clk 0:00:20]} 34. Qg3 {[%clk 0:00:06]} Nc5 {[%clk 0:00:19]} 35. Bc2
{[%clk 0:00:07]} Rce8 {[%clk 0:00:20]} 36. Bf4 {[%clk 0:00:07]} Be5
{[%clk 0:00:15]} 37. Rxe5 {[%clk 0:00:04]} dxe5 {[%clk 0:00:16]} 38. Bh6
{[%clk 0:00:05]} Kh7 {[%clk 0:00:15]} 39. Qg5 {[%clk 0:00:05]} e4
{[%clk 0:00:10]} 40. Bxf8 Rxf8 41. Rf6 {[%clk 0:00:03]} Kg7 {[%clk 0:00:05]} 42.
d6 Qd8 0-1

[Event "Blitz 2018"]
[Site "Saint-Petersburg"]
[Date "2018.12.29"]
[Round "2"]
[Board "86"]
[White "Al-Sayed Mohammed (QAT)"]
[Black "Pogosyan Stefan (RUS)"]
[Result "1/2-1/2"]
[LiveChessVersion "1.4.8"]
[BlackElo "2330"]
[WhiteElo "2547"]

1. d4 {[%clk 0:03:03]} Nf6 {[%clk 0:03:04]} 2. c3 {[%clk 0:03:04]} c5
{[%clk 0:03:03]} 3. Bg5 {[%clk 0:03:02]} e6 {[%clk 0:02:58]} 4. e3
{[%clk 0:02:59]} Nc6 {[%clk 0:02:54]} 5. Nd2 {[%clk 0:02:59]} d5 {[%clk 0:02:40]}
6. Bd3 {[%clk 0:02:59]} h6 {[%clk 0:02:40]} 7. Bh4 {[%clk 0:02:54]} Be7
{[%clk 0:02:38]} 8. Ngf3 {[%clk 0:02:52]} g5 {[%clk 0:02:27]} 9. Bg3
{[%clk 0:02:52]} Nh5 {[%clk 0:02:28]} 10. Be5 {[%clk 0:02:43]} Nxe5
{[%clk 0:02:28]} 11. Nxe5 {[%clk 0:02:43]} Nf6 {[%clk 0:02:07]} 12. h4
{[%clk 0:02:43]} gxh4 {[%clk 0:01:31]} 13. Rxh4 {[%clk 0:02:43]} h5
{[%clk 0:01:32]} 14. Rf4 {[%clk 0:02:36]} Bd7 {[%clk 0:01:03]} 15. Ndf3
{[%clk 0:02:11]} Rg8 {[%clk 0:00:59]} 16. g3 {[%clk 0:01:21]} Rg7
{[%clk 0:00:44]} 17. dxc5 {[%clk 0:01:16]} Bxc5 {[%clk 0:00:34]} 18. Qb3
{[%clk 0:01:11]} Bc6 {[%clk 0:00:10]} 19. Nxc6 {[%clk 0:01:02]} bxc6
{[%clk 0:00:11]} 20. Qb7 {[%clk 0:01:03]} Rc8 {[%clk 0:00:08]} 21. O-O-O
{[%clk 0:00:26]} Bd6 {[%clk 0:00:09]} 22. Rh4 {[%clk 0:00:14]} Qc7
{[%clk 0:00:08]} 23. Qa6 {[%clk 0:00:13]} Rb8 {[%clk 0:00:09]} 24. Nd4
{[%clk 0:00:12]} Qb6 {[%clk 0:00:07]} 25. Qxb6 {[%clk 0:00:11]} Rxb6
{[%clk 0:00:08]} 26. Be2 {[%clk 0:00:09]} Ne4 {[%clk 0:00:04]} 27. Rf1
{[%clk 0:00:11]} Nf6 {[%clk 0:00:04]} 28. Bxh5 {[%clk 0:00:11]} c5
{[%clk 0:00:05]} 29. Ne2 {[%clk 0:00:10]} Ke7 {[%clk 0:00:05]} 30. Bf3
{[%clk 0:00:11]} Rg8 {[%clk 0:00:07]} 31. Ra4 {[%clk 0:00:12]} a6
{[%clk 0:00:07]} 32. Kc2 {[%clk 0:00:12]} Rgb8 {[%clk 0:00:08]} 33. b3
{[%clk 0:00:14]} Nd7 {[%clk 0:00:08]} 34. Nf4 {[%clk 0:00:12]} c4
{[%clk 0:00:09]} 35. Bxd5 {[%clk 0:00:10]} Bxf4 {[%clk 0:00:05]} 36. Bxc4
{[%clk 0:00:11]} Bd6 {[%clk 0:00:06]} 37. Rxa6 {[%clk 0:00:08]} Rxa6
{[%clk 0:00:07]} 38. Bxa6 {[%clk 0:00:08]} Ra8 {[%clk 0:00:09]} 39. Bd3
{[%clk 0:00:06]} Rxa2+ 40. Kb1 Ra7 {[%clk 0:00:11]} 41. b4 {[%clk 0:00:09]} Ne5
{[%clk 0:00:12]} 42. Be2 {[%clk 0:00:10]} Rc7 {[%clk 0:00:11]} 43. Kb2
{[%clk 0:00:10]} Nc4+ {[%clk 0:00:13]} 44. Bxc4 Rxc4 45. Kb3 {[%clk 0:00:11]} Rc7
{[%clk 0:00:16]} 46. c4 {[%clk 0:00:12]} Rb7 {[%clk 0:00:17]} 47. b5
{[%clk 0:00:13]} Ra7 {[%clk 0:00:18]} 48. Kc3 {[%clk 0:00:08]} Bc5
{[%clk 0:00:15]} 49. Kd3 {[%clk 0:00:09]} f5 {[%clk 0:00:16]} 50. Rh1
{[%clk 0:00:06]} Ra3+ {[%clk 0:00:17]} 51. Ke2 {[%clk 0:00:07]} Ra2+
{[%clk 0:00:18]} 52. Kf3 {[%clk 0:00:08]} Rc2 {[%clk 0:00:14]} 53. Rh4
{[%clk 0:00:09]} Kd6 {[%clk 0:00:16]} 54. Rf4 {[%clk 0:00:08]} Ke5
{[%clk 0:00:14]} 55. g4 {[%clk 0:00:08]} Bb6 {[%clk 0:00:12]} 56. gxf5
{[%clk 0:00:08]} exf5 {[%clk 0:00:13]} 57. Rh4 {[%clk 0:00:09]} Ba5
{[%clk 0:00:13]} 58. Rf4 {[%clk 0:00:05]} Be1 {[%clk 0:00:14]} 59. Kg2
{[%clk 0:00:06]} Ba5 {[%clk 0:00:14]} 60. Kf1 {[%clk 0:00:07]} Bc7
{[%clk 0:00:14]} 61. Rd4 {[%clk 0:00:08]} Bb6 {[%clk 0:00:12]} 62. Rd5+
{[%clk 0:00:07]} Ke6 {[%clk 0:00:13]} 63. Rd3 {[%clk 0:00:03]} Rxc4 64. Ra3 Rb4
{[%clk 0:00:14]} 65. Ra8 {[%clk 0:00:05]} Rxb5 {[%clk 0:00:15]} 66. Kg2
{[%clk 0:00:07]} Rb4 {[%clk 0:00:13]} 67. Kf3 {[%clk 0:00:08]} Bc5
{[%clk 0:00:12]} 68. Ra5 {[%clk 0:00:08]} Bd6 {[%clk 0:00:12]} 69. Ra6
{[%clk 0:00:09]} Rh4 {[%clk 0:00:13]} 70. Ra1 {[%clk 0:00:09]} Re4
{[%clk 0:00:11]} 71. Rh1 {[%clk 0:00:10]} Rg4 {[%clk 0:00:12]} 72. Rh6+
{[%clk 0:00:11]} Ke5 {[%clk 0:00:13]} 73. Rh5 {[%clk 0:00:12]} Be7
{[%clk 0:00:14]} 74. Rh7 {[%clk 0:00:12]} Bf6 {[%clk 0:00:16]} 75. Ra7
{[%clk 0:00:12]} Ke6 {[%clk 0:00:16]} 76. Ra5 {[%clk 0:00:13]} Be5
{[%clk 0:00:16]} 77. Ra6+ {[%clk 0:00:13]} Bd6 {[%clk 0:00:18]} 78. Ra5
{[%clk 0:00:14]} Rh4 {[%clk 0:00:19]} 79. Rb5 {[%clk 0:00:14]} Rh3+
{[%clk 0:00:20]} 80. Kg2 {[%clk 0:00:16]} Rh8 {[%clk 0:00:21]} 81. Kf3
{[%clk 0:00:17]} Rh2 {[%clk 0:00:22]} 82. Rb6 {[%clk 0:00:17]} Rh4
{[%clk 0:00:22]} 83. Ra6 {[%clk 0:00:18]} Rb4 {[%clk 0:00:23]} 84. Rc6
{[%clk 0:00:19]} Rb2 {[%clk 0:00:24]} 85. Ra6 {[%clk 0:00:20]} Rb5
{[%clk 0:00:24]} 86. Rc6 {[%clk 0:00:19]} Ke5 {[%clk 0:00:25]} 87. Ra6
{[%clk 0:00:22]} Bb4 {[%clk 0:00:26]} 88. Ra8 {[%clk 0:00:23]} Be1
{[%clk 0:00:25]} 89. Ke2 {[%clk 0:00:24]} Bb4 {[%clk 0:00:26]} 90. Kf3
{[%clk 0:00:25]} Be7 {[%clk 0:00:27]} 91. Re8 {[%clk 0:00:26]} Ke6
{[%clk 0:00:27]} 92. Ra8 {[%clk 0:00:27]} Rb4 {[%clk 0:00:25]} 93. Ra5
{[%clk 0:00:28]} Kf6 {[%clk 0:00:25]} 94. Ra6+ {[%clk 0:00:29]} Kg5
{[%clk 0:00:25]} 95. Ra5 {[%clk 0:00:31]} Bf6 {[%clk 0:00:25]} 96. Ra8
{[%clk 0:00:30]} Kg6 {[%clk 0:00:25]} 97. Rg8+ {[%clk 0:00:30]} Kf7
{[%clk 0:00:27]} 98. Ra8 {[%clk 0:00:31]} Bh4 {[%clk 0:00:28]} 99. Ra2
{[%clk 0:00:30]} Kg6 {[%clk 0:00:26]} 100. Ra6+ {[%clk 0:00:29]} Kg5
{[%clk 0:00:28]} 101. Ra2 {[%clk 0:00:27]} Rb1 {[%clk 0:00:26]} 102. Kg2
{[%clk 0:00:26]} Rb4 {[%clk 0:00:24]} 103. Kh3 {[%clk 0:00:24]} Rg4
{[%clk 0:00:17]} 104. Rd2 {[%clk 0:00:16]} Rg1 {[%clk 0:00:17]} 105. Kh2
{[%clk 0:00:13]} Rg4 {[%clk 0:00:15]} 106. Kh3 {[%clk 0:00:14]} Kf6
{[%clk 0:00:12]} 107. Ra2 {[%clk 0:00:08]} Rb4 {[%clk 0:00:07]} 108. Ra6+
{[%clk 0:00:08]} Kg5 {[%clk 0:00:07]} 109. f4+ {[%clk 0:00:04]} Kh5
{[%clk 0:00:06]} 110. Ra5 {[%clk 0:00:06]} Bf2 {[%clk 0:00:05]} 111. Rxf5+
{[%clk 0:00:06]} Kg6 {[%clk 0:00:06]} 112. Re5 {[%clk 0:00:05]} Rb3
{[%clk 0:00:07]} 113. Kg4 {[%clk 0:00:04]} Bxe3 {[%clk 0:00:08]} 114. Re6+
{[%clk 0:00:05]} Kf7 {[%clk 0:00:09]} 115. Re4 {[%clk 0:00:06]} Bc5
{[%clk 0:00:09]} 116. Kf5 {[%clk 0:00:07]} Be7 {[%clk 0:00:09]} 117. Ra4
{[%clk 0:00:08]} Rh3 {[%clk 0:00:10]} 118. Ra7 {[%clk 0:00:09]} Rh5+
{[%clk 0:00:10]} 119. Kg4 {[%clk 0:00:10]} Rb5 {[%clk 0:00:11]} 120. Ra4
{[%clk 0:00:11]} Bf6 {[%clk 0:00:11]} 121. Rc4 {[%clk 0:00:12]} Kg6
{[%clk 0:00:12]} 122. Ra4 {[%clk 0:00:14]} Rb1 {[%clk 0:00:12]} 123. Rc4
{[%clk 0:00:14]} Rg1+ {[%clk 0:00:12]} 124. Kf3 {[%clk 0:00:15]} Rh1
{[%clk 0:00:12]} 125. Kg4 {[%clk 0:00:17]} Rh4+ {[%clk 0:00:13]} 126. Kg3
{[%clk 0:00:18]} Rh1 {[%clk 0:00:11]} 127. Kg4 {[%clk 0:00:19]} Rf1
{[%clk 0:00:11]} 128. Rc6 {[%clk 0:00:20]} Rg1+ {[%clk 0:00:10]} 129. Kf3
{[%clk 0:00:21]} Kf5 {[%clk 0:00:11]} 130. Rc5+ {[%clk 0:00:23]} Ke6
{[%clk 0:00:12]} 131. Rc6+ {[%clk 0:00:24]} Ke7 {[%clk 0:00:11]} 132. Ke4
{[%clk 0:00:25]} Rd1 {[%clk 0:00:06]} 133. Kf5 {[%clk 0:00:26]} Rd5+
{[%clk 0:00:07]} 134. Ke4 {[%clk 0:00:27]} Ra5 {[%clk 0:00:08]} 135. Rb6
{[%clk 0:00:28]} Kf7 {[%clk 0:00:09]} 136. Rc6 {[%clk 0:00:29]} Kg6
{[%clk 0:00:09]} 137. Rb6 {[%clk 0:00:31]} Ra4+ {[%clk 0:00:10]} 138. Kf3
{[%clk 0:00:32]} Rc4 {[%clk 0:00:08]} 139. Ra6 {[%clk 0:00:33]} Rb4
{[%clk 0:00:06]} 140. Rc6 {[%clk 0:00:35]} Kf5 {[%clk 0:00:07]} 141. Rc5+
{[%clk 0:00:36]} Ke6 {[%clk 0:00:08]} 142. Rc6+ {[%clk 0:00:37]} Ke7
{[%clk 0:00:08]} 143. Ra6 {[%clk 0:00:39]} Bb2 {[%clk 0:00:09]} 144. Rc6
{[%clk 0:00:38]} Kd7 {[%clk 0:00:09]} 145. Rc2 {[%clk 0:00:38]} Bf6
{[%clk 0:00:09]} 146. Rd2+ {[%clk 0:00:36]} Ke6 {[%clk 0:00:10]} 147. Ra2
{[%clk 0:00:35]} Be7 {[%clk 0:00:11]} 148. Re2+ {[%clk 0:00:29]} Kf6
{[%clk 0:00:11]} 149. Re4 {[%clk 0:00:29]} Rb3+ {[%clk 0:00:11]} 150. Kg4
{[%clk 0:00:30]} Bd6 {[%clk 0:00:11]} 151. Rd4 {[%clk 0:00:31]} Ke6
{[%clk 0:00:11]} 152. Re4+ Kd5 153. Ra4 {[%clk 0:00:33]} Rb1 {[%clk 0:00:12]}
154. Kf5 {[%clk 0:00:33]} Rb8 {[%clk 0:00:12]} 155. Ra5+ {[%clk 0:00:33]} Kd4
{[%clk 0:00:13]} 156. Ra4+ {[%clk 0:00:34]} Kc5 {[%clk 0:00:14]} 157. Kg6
{[%clk 0:00:27]} Rg8+ {[%clk 0:00:15]} 158. Kf5 {[%clk 0:00:26]} Rf8+
{[%clk 0:00:16]} 159. Kg4 {[%clk 0:00:27]} Kb5 {[%clk 0:00:14]} 160. Rd4
{[%clk 0:00:27]} Kc6 {[%clk 0:00:15]} 161. Kg5 {[%clk 0:00:27]} Kc5
{[%clk 0:00:16]} 162. Ra4 {[%clk 0:00:27]} Kd5 {[%clk 0:00:17]} 163. f5
{[%clk 0:00:24]} Be7+ {[%clk 0:00:15]} 164. Kf4 {[%clk 0:00:22]} Rg8
{[%clk 0:00:09]} 165. Ra5+ {[%clk 0:00:21]} Bc5 {[%clk 0:00:10]} 166. f6
{[%clk 0:00:19]} Rg1 {[%clk 0:00:07]} 167. Kf5 {[%clk 0:00:19]} Rf1+
{[%clk 0:00:07]} 168. Kg6 {[%clk 0:00:20]} Ke6 {[%clk 0:00:03]} 1/2-1/2

[Event "Blitz 2018"]
[Site "Saint-Petersburg"]
[Date "2018.12.29"]
[Round "2"]
[Board "87"]
[White "Kobo Ori (ISR)"]
[Black "Demidov Mikhail (RUS)"]
[Result "0-1"]
[BlackElo "2546"]
[WhiteElo "2401"]
[LiveChessVersion "1.4.8"]

1. f4 {[%clk 0:03:02]} b6 {[%clk 0:03:04]} 2. e4 Bb7 3. Nc3 e6 4. Nf3
{[%clk 0:02:55]} Bb4 {[%clk 0:03:09]} 5. Bd3 {[%clk 0:02:56]} Na6
{[%clk 0:03:10]} 6. a3 {[%clk 0:02:41]} Bxc3 {[%clk 0:03:11]} 7. bxc3
{[%clk 0:02:41]} Nc5 {[%clk 0:03:12]} 8. Qe2 {[%clk 0:02:40]} Ne7
{[%clk 0:03:09]} 9. O-O {[%clk 0:02:39]} O-O {[%clk 0:03:05]} 10. a4
{[%clk 0:02:34]} f5 {[%clk 0:02:56]} 11. e5 {[%clk 0:02:22]} Nxd3
{[%clk 0:02:33]} 12. cxd3 {[%clk 0:02:21]} c5 {[%clk 0:02:19]} 13. a5
{[%clk 0:02:12]} Bxf3 {[%clk 0:02:11]} 14. Qxf3 {[%clk 0:02:00]} Nc6
{[%clk 0:02:12]} 15. axb6 {[%clk 0:01:56]} axb6 {[%clk 0:02:13]} 16. Bb2
{[%clk 0:01:53]} Qc7 {[%clk 0:02:07]} 17. Rfb1 {[%clk 0:01:49]} Qb7
{[%clk 0:01:50]} 18. Qd1 {[%clk 0:01:23]} Rxa1 {[%clk 0:01:45]} 19. Bxa1
{[%clk 0:01:25]} Ra8 {[%clk 0:01:41]} 20. Qb3 {[%clk 0:01:25]} b5
{[%clk 0:01:05]} 21. Bb2 {[%clk 0:01:03]} h6 {[%clk 0:00:52]} 22. Kf2
{[%clk 0:00:49]} b4 {[%clk 0:00:48]} 23. Bc1 {[%clk 0:00:10]} Qa7
{[%clk 0:00:42]} 24. Ke2 {[%clk 0:00:08]} bxc3 {[%clk 0:00:22]} 25. dxc3 c4 26.
Qxc4 {[%clk 0:00:05]} Qg1 {[%clk 0:00:25]} 27. g3 {[%clk 0:00:01]} Ra2+
{[%clk 0:00:21]} 0-1

[Event "Blitz 2018"]
[Site "Saint-Petersburg"]
[Date "2018.12.29"]
[Round "2"]
[Board "88"]
[White "Huzman Alexander (ISR)"]
[Black "Perdomo Carlos Andres (COL)"]
[Result "1-0"]
[BlackElo "2301"]
[WhiteElo "2543"]
[LiveChessVersion "1.4.8"]

1. Nf3 {[%clk 0:03:03]} c5 {[%clk 0:03:03]} 2. c4 {[%clk 0:03:03]} b6
{[%clk 0:03:04]} 3. g3 {[%clk 0:03:00]} Bb7 {[%clk 0:03:05]} 4. Bg2
{[%clk 0:03:01]} e6 {[%clk 0:03:04]} 5. O-O {[%clk 0:03:00]} Nf6 {[%clk 0:03:03]}
6. Nc3 {[%clk 0:02:58]} d6 {[%clk 0:02:56]} 7. d4 {[%clk 0:02:56]} cxd4
{[%clk 0:02:56]} 8. Qxd4 {[%clk 0:02:57]} a6 {[%clk 0:02:53]} 9. Bg5
{[%clk 0:02:45]} Nbd7 {[%clk 0:02:52]} 10. Rad1 {[%clk 0:02:22]} Rc8
{[%clk 0:02:49]} 11. b3 {[%clk 0:02:21]} Qc7 {[%clk 0:02:35]} 12. Ne1
{[%clk 0:02:01]} Bxg2 {[%clk 0:02:30]} 13. Nxg2 {[%clk 0:02:02]} d5
{[%clk 0:02:12]} 14. Bxf6 {[%clk 0:01:32]} Nxf6 {[%clk 0:02:10]} 15. Na4
{[%clk 0:01:33]} b5 {[%clk 0:02:06]} 16. cxb5 {[%clk 0:01:28]} axb5
{[%clk 0:02:07]} 17. Nb2 {[%clk 0:01:29]} Bc5 {[%clk 0:01:57]} 18. Qf4
{[%clk 0:01:28]} Qxf4 {[%clk 0:01:49]} 19. Nxf4 {[%clk 0:01:28]} Ra8
{[%clk 0:01:51]} 20. a4 {[%clk 0:01:26]} Ba3 {[%clk 0:01:21]} 21. Nfd3
{[%clk 0:01:25]} Ke7 {[%clk 0:01:11]} 22. axb5 {[%clk 0:01:24]} Rhb8
{[%clk 0:01:11]} 23. Ra1 {[%clk 0:01:22]} Rxb5 {[%clk 0:01:10]} 24. b4
{[%clk 0:01:23]} Ne4 {[%clk 0:01:04]} 25. Kg2 {[%clk 0:01:14]} Nd2
{[%clk 0:01:00]} 26. Rfd1 {[%clk 0:01:11]} Ne4 {[%clk 0:00:49]} 27. Kf1
{[%clk 0:01:06]} Rb7 {[%clk 0:00:49]} 28. f3 {[%clk 0:01:03]} Nc3
{[%clk 0:00:39]} 29. Rdc1 {[%clk 0:01:04]} Bxb2 {[%clk 0:00:38]} 30. Nxb2
{[%clk 0:01:05]} Rxa1 {[%clk 0:00:38]} 31. Rxa1 {[%clk 0:01:07]} Rxb4
{[%clk 0:00:39]} 32. Ra7+ {[%clk 0:01:08]} Kf6 33. Nd3 Rb1+ {[%clk 0:00:39]} 34.
Kf2 {[%clk 0:01:11]} Rd1 {[%clk 0:00:29]} 35. Ke3 {[%clk 0:01:10]} d4+
{[%clk 0:00:29]} 36. Kxd4 {[%clk 0:01:10]} Nxe2+ {[%clk 0:00:30]} 37. Ke3
{[%clk 0:01:12]} Nc3 {[%clk 0:00:29]} 38. f4 {[%clk 0:01:12]} Nd5+
{[%clk 0:00:29]} 39. Ke2 {[%clk 0:01:14]} Nc3+ {[%clk 0:00:30]} 40. Ke3
{[%clk 0:01:15]} Rh1 {[%clk 0:00:31]} 41. Ne5 {[%clk 0:01:16]} Nd5+
{[%clk 0:00:25]} 42. Kf3 {[%clk 0:01:18]} Ne7 {[%clk 0:00:13]} 43. Ng4+
{[%clk 0:01:19]} Kg6 {[%clk 0:00:10]} 44. Rxe7 {[%clk 0:01:19]} f6
{[%clk 0:00:11]} 45. Rxe6 {[%clk 0:01:19]} h5 {[%clk 0:00:12]} 46. Nf2
{[%clk 0:01:20]} Rxh2 {[%clk 0:00:13]} 47. Ra6 {[%clk 0:01:19]} h4
{[%clk 0:00:11]} 48. g4 {[%clk 0:01:20]} h3 {[%clk 0:00:11]} 49. Ra1
{[%clk 0:01:19]} f5 {[%clk 0:00:11]} 50. g5 {[%clk 0:01:20]} Kh5 {[%clk 0:00:12]}
51. Ra8 {[%clk 0:01:04]} Rg2 {[%clk 0:00:09]} 52. Rh8+ {[%clk 0:01:03]} Kg6
{[%clk 0:00:10]} 53. Rxh3 {[%clk 0:01:04]} Rg1 {[%clk 0:00:12]} 54. Rh1
{[%clk 0:01:05]} 1-0

[Event "Blitz 2018"]
[Site "Saint-Petersburg"]
[Date "2018.12.29"]
[Round "2"]
[Board "89"]
[White "Hirneise Jens (GER)"]
[Black "Levin Evgeny A. (RUS)"]
[Result "0-1"]
[BlackElo "2539"]
[WhiteElo "2363"]
[LiveChessVersion "1.4.8"]

1. e4 {[%clk 0:03:03]} d5 {[%clk 0:03:03]} 2. exd5 {[%clk 0:03:04]} Qxd5
{[%clk 0:03:04]} 3. Nc3 {[%clk 0:03:06]} Qd8 {[%clk 0:03:05]} 4. d4
{[%clk 0:03:07]} c6 {[%clk 0:03:07]} 5. Nf3 {[%clk 0:03:04]} Bf5 {[%clk 0:03:08]}
6. Bc4 {[%clk 0:03:03]} e6 {[%clk 0:03:09]} 7. Qe2 {[%clk 0:03:02]} Nd7
{[%clk 0:03:06]} 8. Bf4 {[%clk 0:02:57]} Bb4 {[%clk 0:03:04]} 9. Bd2
{[%clk 0:02:47]} Ngf6 {[%clk 0:03:01]} 10. O-O-O {[%clk 0:02:45]} O-O
{[%clk 0:02:59]} 11. Ne5 {[%clk 0:02:40]} Nxe5 {[%clk 0:02:56]} 12. dxe5
{[%clk 0:02:37]} Nd5 {[%clk 0:02:57]} 13. Nxd5 {[%clk 0:02:32]} Bxd2+
{[%clk 0:02:56]} 14. Rxd2 {[%clk 0:02:31]} cxd5 {[%clk 0:02:56]} 15. Bd3
{[%clk 0:02:32]} Bg6 {[%clk 0:02:39]} 16. h4 {[%clk 0:02:32]} Rc8
{[%clk 0:02:34]} 17. h5 {[%clk 0:02:25]} Bxd3 {[%clk 0:02:35]} 18. Qxd3
{[%clk 0:02:26]} Qg5 {[%clk 0:02:25]} 19. Qg3 {[%clk 0:01:51]} Qxg3
{[%clk 0:02:23]} 20. fxg3 {[%clk 0:01:52]} Rc4 {[%clk 0:02:22]} 21. Rh4
{[%clk 0:01:48]} Rfc8 {[%clk 0:02:19]} 22. c3 {[%clk 0:01:41]} f6
{[%clk 0:02:01]} 23. exf6 {[%clk 0:01:28]} gxf6 {[%clk 0:02:02]} 24. Kc2
{[%clk 0:01:21]} Kf7 {[%clk 0:02:00]} 25. Rdd4 {[%clk 0:00:57]} Rxd4
{[%clk 0:01:39]} 26. Rxd4 {[%clk 0:00:57]} Rc4 {[%clk 0:00:58]} 27. Kd3
{[%clk 0:00:41]} Rxd4+ {[%clk 0:00:59]} 28. Kxd4 {[%clk 0:00:42]} b6
{[%clk 0:00:45]} 29. a4 {[%clk 0:00:35]} Kg7 {[%clk 0:00:40]} 30. b4
{[%clk 0:00:29]} Kh6 {[%clk 0:00:40]} 31. a5 {[%clk 0:00:22]} Kxh5
{[%clk 0:00:38]} 32. axb6 {[%clk 0:00:20]} axb6 {[%clk 0:00:39]} 33. c4
{[%clk 0:00:19]} dxc4 {[%clk 0:00:40]} 34. Kxc4 {[%clk 0:00:21]} e5
{[%clk 0:00:41]} 35. Kd5 {[%clk 0:00:05]} b5 {[%clk 0:00:31]} 36. Kc5
{[%clk 0:00:04]} e4 {[%clk 0:00:31]} 37. Kd4 {[%clk 0:00:03]} f5 {[%clk 0:00:32]}
0-1